La vie d'Alexandre le Grand - Statistiques

Statistiques générales
  • Ce quiz a été pris 6 265 fois
  • Le résultat moyen est 9 sur 17
Statistiques - réponses
Indice Réponse % Correct
Alexandre le Grand était roi de ce royaume Macédoine
89%
Il a fondé une vingtaine de villes avec ce nom Alexandrie
80%
Il a conquit cet empire Perse
77%
Philosophe célèbre dont il était l'élève Aristote
74%
Son ami Ptolémée fonda une dynastie qui dirigea ce pays Égypte
68%
Il n’a jamais tenté de conquérir cette cité-état grecque Sparte
68%
Son armée a refusé d'avancer plus loin après avoir atteint ce pays moderne Inde
60%
Il se comparait à cet héros grec Achille
59%
Mais selon Alexandre, son père était ... Zeus (Amon)
53%
Terme désignant la diffusion de la culture grecque dans les zones conquises par Alexandre {Helléni}sation
48%
Son père Philippe II
48%
Il est mort dans cette ancienne capitale Babylone
43%
Roi de cet empire avant Alexandre Darius III
42%
Nom de son cheval Bucéphale
39%
Formation militaire grecque qu'il utilisait Phalange
39%
Au lieu d'essayer de dénouer ce nœud, il l'a coupé avec une épée Nœud {gordien}
27%
Son ami le plus proche et possible amant Héphestion
7%
Aucun quiz correspondant
Distribution des résultats
% des personnes avec chaque résultat
Percentile par nombre de réponses
Votre historique - résultats
Vous n’avez pas pris ce quiz